Remedios Varo (Record no. 186140)

MARC details
000 -LEADER
campo de control de longitud fija 00992nam a2200289 i 4500
001 - NÚMERO DE CONTROL
campo de control 186140
003 - IDENTIFICADOR DE NÚMERO DE CONTROL
campo de control SpMaBN
005 - FECHA Y HORA DE LA ÚLTIMA TRANSACCIÓN
campo de control 20231201204943.0
008 - DATOS DE LONGITUD FIJA--INFORMACIÓN GENERAL
campo de control de longitud fija 160912s2013 sp f |||| |bspa d
020 ## - NÚMERO INTERNACIONAL ESTÁNDAR DEL LIBRO
Número Internacional Estándar del Libro 978-84-940412-9-7
080 ## - NÚMERO DE LA CLASIFICACIÓN DECIMAL UNIVERSAL
Número de la Clasificación Decimal Universal 75 Varo, Remedios
245 00 - MENCIÓN DEL TÍTULO
Título Remedios Varo
Resto del título : caminos del conocimiento, la creación y el exilio /
Mención de responsabilidad, etc. María José González Madrid y Rosa Rius Gatell, (editoras).
250 ## - MENCION DE EDICION
Mención de edición 1ª ed.
260 ## - PUBLICACIÓN, DISTRIBUCIÓN, ETC.
Lugar de publicación, distribución, etc. Madrid :
Nombre del editor, distribuidor, etc. Eutelequia,
Fecha de publicación, distribución, etc. 2013.
300 ## - DESCRIPCIÓN FÍSICA
Extensión 225 p., [32] p. de lám. col. ;
Dimensiones 21 cm.
490 1# - MENCIÓN DE SERIE
Mención de serie Eutelequia.
-- Ensayo ;
Designación de volumen o secuencia 16
500 ## - NOTA GENERAL
Nota general Cronología.
500 ## - NOTA GENERAL
Nota general Índice.
504 ## - NOTA DE BIBLIOGRAFÍA, ETC.
Nota de bibliografía, etc. Bibliografía: p. 209-217.
600 17 - PUNTO DE ACCESO ADICIONAL DE MATERIA--NOMBRE DE PERSONA
Nombre de persona Varo, Remedios.
9 (RLIN) 113239
700 1# - ENTRADA AGREGADA--NOMBRE PERSONAL
Nombre de persona González Madrid, María José.
9 (RLIN) 160810
700 1# - ENTRADA AGREGADA--NOMBRE PERSONAL
Nombre de persona Rius Gatell, Rosa.
9 (RLIN) 160811
830 0# - PUNTO DE ACCESO ADICIONAL DE SERIE-TÍTULO UNIFORME
Título uniforme Eutelequia.
-- Ensayo ;
Designación de volumen o secuencia 16
9 (RLIN) 225348
852 ## - LOCALIZACIÓN
Ubicación ES-MaACL
Número de control de estantería A-13838
itemnumber 193192
Sublocalización o colección R.151117
Ubicación en estantería Depósito 1
Signatura antigua Olim: N-6838
942 ## - ELEMENTOS DE ENTRADA SECUNDARIOS (KOHA)
Fuente del sistema de clasificación o colocación Clasificación decimal universal
Tipo de ítem Koha Libro impreso
Holdings
Estatus retirado Estado de pérdida Fuente del sistema de clasificación o colocación Estado de daño No para préstamo Biblioteca de origen Biblioteca actual Ubicación en estantería Fecha de adquisición Fuente de adquisición Total de préstamos Signatura topográfica completa Código de barras Visto por última vez Precio de reemplazo Tipo de ítem Koha
    Clasificación decimal universal     Biblioteca del Ateneo de Madrid Biblioteca del Ateneo de Madrid Depósito 1 12/09/2016 Donación   A-13838 1196247 23/02/2023 23/02/2023 Libro impreso